000 00296nam a22001337a 4500
020 _a817826317-3
082 _a823
_bROH/S
100 _aROHAN BOOK COMPANY
245 _aSINDBAD
260 _aDELHI
_bROHAN BOOK COMPANY
_c2003
300 _a224
650 _aMODERN ILLUSTRATED CLASSICS
942 _cBK
999 _c416
_d416